[Event "Rubinstein Memorial 35th"]
[Site "Polanica Zdroj"]
[Date "1998.08.17"]
[Round "1"]
[White "Krasenkow, Michal"]
[Black "Karpov, Anatoly"]
[Result "1-0"]
[WhiteElo "2655"]
[BlackElo "2725"]
[Annotator "Donev,Ivo Hristov"]
[PlyCount "103"]
[EventDate "1998.08.17"]
[EventType "tourn"]
[EventRounds "11"]
[EventCountry "POL"]
[EventCategory "17"]
[SourceTitle "CBM 067"]
[Source "ChessBase"]
[SourceDate "1998.11.30"]
[SourceVersion "2"]
[SourceVersionDate "1998.11.01"]
[SourceQuality "1"]

1. d4 {Krasenkow (Schach 10/98). Ftacnik} Nf6 2. c4 e6 3. Nf3 d5 4. Nc3 Be7 5. Bf4 O-O 6. e3 c5 7. dxc5 Bxc5 8. a3 Nc6 9. b4 Be7 10. cxd5 Nxd5 $5 {Räumt das Feld f6 für den Läufer.} 11. Nxd5 exd5 {[%csl Rd5][%mdl 16] Auf dem Brett ensteht eine von den populärsten Mittelspiel Bauernstrukturen - Der isolierte Damenbauer! Es ist bemerkennswert zu sehen wie der Anziehende seine Figuren umgruppiert um die schwäche des Isolani auszunützen.} 12. Bd3 Bf6 (12... Bg4 {Ftacnik} 13. O-O Bf6 14. Ra2 Re8 15. Rd2 Qb6 16. Be2 Ne7 17. Nd4 Bxe2 18. Qxe2 Ng6 19. Qd3 Nxf4 20. exf4 a5 21. g3 axb4 22. axb4 Qxb4 23. Rb1 Qe7 24. Nf5 {Halldorsson,B-Schmidt Schaeffer,S/Hellir op/1997/1-0 (61)}) 13. Rc1 Bg4 $1 (13... Re8 {Ftacnik} 14. O-O Bg4 15. h3 Bxf3 16. Qxf3 Ne5 17. Bxe5 Rxe5 18. Rfd1 Qd6 19. Bc4 Rd8 20. Bb3 b6 21. Rd3 a5 22. Rcd1 Qf8 23. Bxd5 {1-0 Mikhalchishin,A-Nielsen,P/Copenhagen op/1991/ (29)}) (13... a6 {Ftacnik} 14. O-O g6 (14... Be6 15. Bb1 Qe7 16. e4 Qd7 (16... Qd8 17. Qd3 dxe4 18. Qxe4 g6 19. Rfd1 Qb6 20. Be3 Qc7 21. Ng5 Rfe8 22. Qh4 h5 23. Nxe6 Rxe6 24. Qc4 Qe7 25. Ba2 {1-0 Krasenkow,M-Van der Sterren,P/WCh FIDE k.o./1997 (43)}) 17. Ng5 Bxg5 18. Bxg5 d4 19. Rc5 f6 20. Bf4 b6 21. Rc1 Ne5 22. Bxe5 fxe5 23. Qh5 Qd6 24. Bd3 Bf7 {0-1 Dreev,A-Lutz,C/Dortmund/1994/ (42)}) (14... Re8 15. Bb1 g6 16. Ba2 Be6 17. Qd3 d4 18. Bxe6 Rxe6 19. e4 Qe7 20. Nd2 Be5 21. Bg3 Bxg3 22. hxg3 Ne5 23. Qb3 Rd8 24. Rc5 d3 {Beliavsky,A-Short,N/WCh FIDE k.o./1997/0-1 (53)}) 15. h3 Qe7 16. Qd2 Be6 17. Rc2 Qd7 18. Rd1 d4 19. Rcc1 dxe3 20. Qxe3 Rfd8 21. Bg5 Qe7 22. Be4 Rxd1+ 23. Rxd1 Rd8 24. Rxd8+ Nxd8 25. Qf4 {1-0 Nielsen,P-Barkhagen,J/WchJM-U18/1991/ (37)}) 14. O-O (14. b5 Qa5+ 15. Qd2 (15. Ke2 Ne5) (15. Kf1 Bxf3 16. Qxf3 Qxa3) 15... Qxd2+ 16. Kxd2 (16. Nxd2 Ne5) 16... Na5 $132) 14... Qe7 {Der Nachziehende will einen Turm auf d8 plazieren.} 15. h3 Bxf3 (15... Bh5 {Ftacnik} 16. g4 Bg6 17. Bxg6 hxg6 18. Qxd5 $16) 16. Qxf3 {Ftacnik: 'White enjoys pleasant plus with bishops pair and only one weakness of his own-a3 pawn.'} Rfd8 17. Rfd1 g6 (17... Bb2 $2 18. Rc2 Bxa3 19. b5 Nb4 (19... Ne5 {[%tqu "De","Mit welche Kombination bekommt Weiß Vorteil?","","","d3h7","",10]} 20. Bxh7+ $1 Kxh7 21. Qh5+ Kg8 22. Bxe5 $16) 20. Rc7 Qf6 (20... Rd7 {Ftacnik} 21. Bg5 Qe6 22. Bf5 Rxc7 23. Bxe6 fxe6 24. e4 $16) 21. Rxb7 $14) 18. Bb1 $1 {[%cal Yb1a2,Ya2d5] Ftacnik: 'There is no satisfactory solution for the weak d5 pawn.'} Ne5 $146 (18... Bb2 $142 19. Rc2 Bxa3 20. b5 Ne5 21. Bxe5 Qxe5 22. Ba2 Qe7 (22... Qe4 {Ftacnik} 23. Rc7 Qxf3 24. gxf3 $16) 23. Bxd5 Rd7 $11 {ad8}) (18... d4 {Ftacnik} 19. Be4 dxe3 20. Rxd8+ Rxd8 21. Qxe3 $14) ({RR} 18... Bb2 19. Rc2 Bxa3 20. b5 Ne5 21. Bxe5 Qxe5 22. Ba2 Qe7 23. Bxd5 Rd7 24. e4 a5 25. bxa6 Rxa6 26. Rc8+ Kg7 27. Qc3+ Kh6 28. Rg8 Qf6 29. e5 Qf4 30. g3 Bb4 31. Qb2 Ba3 32. Qe2 Qf5 33. h4 {Nielsen,P (2505)-Van der Sterren,P (2550) Germany 1998 1-0 (35)}) 19. Bxe5 Bxe5 20. Ba2 {[%csl Rd5][%cal Yd1d5,Yf3d5,Ya2d5] Die schwarze Stellung hat sich nachdem Leichtfigurenabtausch im Mittelspiel verschlechtert. Jetzt kann Schwarz seinen schwachen Zentralbauer nicht mehr retten.} a5 {Karpov entschließt sich den isolierte d5 kampflos preiszugeben und öffnet dem Nachziehenden die a-Linie, um Gegenspiel aufziehen zu können.} (20... Bb2 21. Rb1 Bxa3 22. Rxd5 Rxd5 23. Qxd5 Rc8 (23... Bxb4 $2 24. Rxb4 Qxb4 25. Qxf7+ Kh8 26. Qf6#) 24. Qa5 Rc1+ 25. Rxc1 Bxc1 26. Qxa7 Qxb4 27. Qb8+ Qf8 $14) (20... d4 21. exd4 Rxd4 (21... Bxd4 22. Bd5 $16 {[%cal Yd5b7,Yd1d4] ×b7} (22. Bd5 {Ftacnik} Bb2 23. Re1 Qf6 24. Qxf6 Bxf6 25. Bxb7 $16)) 22. Re1 Rf8 23. Rc5 $1 $16) 21. Bxd5 {Der Verlust eines Bauern hätte bei Karpov in früheren Jahren wegen der ungleichfarbigen Läufer und der Möglichkeit von Gegenspiel kaum Probleme ausgelöst.} Rd7 (21... axb4 {Ftacnik} 22. axb4 Rd7 23. Rc4 $16) 22. Rc4 {Ftacnik: 'Krasenkow has won a pawn and the bishop on d5 is a dominating piece.'} (22. bxa5 Kg7 $1 $14 (22... Rxa5 $2 23. Bxf7+ $1 Kg7 $16 (23... Qxf7 24. Rc8+ Kg7 25. Rxd7 Qxd7 26. Qf8#)) (22... Qxa3 {Ftacnik} 23. Bxb7 Rxd1+ 24. Rxd1 Rxa5 $14)) 22... axb4 23. axb4 Kg7 (23... b5 $2 {Ftacnik} 24. Bxf7+ $18) 24. b5 Rad8 25. e4 (25. Rd3 Bb8 26. g3 f5 27. e4 Qe5 $1 {die Fesselung auf der d-Linie ist unangenehm für Weiß.}) 25... h5 $1 {Die Idee dieses Zuges ist einfach. Nach h5-h4 will Karpov die Stellung schwarzfeldrig blockieren.} 26. Qe3 (26. Rdc1 {Ftacnik} Ra8 $14) 26... Qf6 (26... Qh4 $5 {Ftacnik} 27. b6 $14) 27. g3 h4 $1 {Ftacnik: 'Karpov has to fight against the march of white pawns along the dark squares.' Karpov versucht die weiße Königsstellung abzuschwächen um Gegenspiel am Königsflügel zu bekommen.} (27... g5 {Ftacnik} 28. Rf1 Qg6 29. Kh1 g4 30. Kg2 $14) 28. Rf1 hxg3 (28... g5 {Ftacnik} 29. f4 Bb8 (29... gxf4 30. gxf4 Bc7 31. Kh1 $16) 30. fxg5 Qe5 31. Rf3 hxg3 32. Rc3 (32. Rc1 $2 Rxd5 33. exd5 Qxe3+ 34. Rxe3 Ba7 $19) 32... Re8 33. h4 $16) 29. f4 (29. fxg3 {Ftacnik} Qd6 $14) 29... Bc7 30. Qxg3 Qb6+ $6 (30... Bb6+ $142 31. Kh1 Rxd5 $1 32. exd5 Rxd5 33. Rb4 Qf5 {[%cal Yd5d3,Yd5b5] Schwarz hat gute Remis Chancen.}) (30... Rh8 $5 {Ftacnik}) 31. Kg2 Qf6 32. Qc3 {Nach dem Damentausch hat Schwarz keine Drohungen mehr gegen den weißen Monarchen, sondern ein schwer zu verteidigendes Endspiel.} (32. Bxb7 $2 {Ftacnik} Rd2+ 33. Kh1 R8d3 $19) 32... Qxc3 33. Rxc3 {Ftacnik: 'The endgame is very unpleasant for black, but opposite coloured bishops are an important drawing factor.'} Bb6 34. Rfc1 Ra8 35. Kf3 (35. Rc8 {Ftacnik} Ra5 36. Rb1 f5 $14) 35... Ra5 36. Rb1 Ra4 37. h4 f5 {'?!' Ftacnik.} (37... Bd8 {Ftacnik} 38. Kg3 Kh6 39. Rd3 $14) 38. Rd3 (38. Rbc1 {Ftacnik} Bd8 39. Rh1 Bf6 40. Re3 $14) 38... fxe4+ 39. Bxe4 Rxd3+ $2 {Ein Zeitnotfehler, der die schlechte Verfassung des Fide-Weltmeisters zeigt. Gut genug für den halben Punkt war:} (39... Re7 $1 40. Re1 (40. Bxg6 Kxg6 41. Rd6+ Kf5 42. Rxb6 Rxf4+ 43. Kg3 Rg7+ 44. Kh3 Rh7 {Und nach dem unvermeidlichen Th4 ist das Remis gesichert.}) 40... Bc7 {f7} (40... Bc5 {Ftacnik} 41. Re2 Rb4 42. Rd5 Rxb5 43. Rg5 $16) 41. b6 Bxb6 42. Rd6 Ra3+ 43. Kg2 Ra2+ 44. Kf3 (44. Kh1 Bf2 45. Rxg6+ Kf8 46. Rf6+ Kg7 47. Rg6+ $11) 44... Ra3+ $11) 40. Bxd3 {Krasenkow (Schach 10/98): ' '} Bc7 $6 {'?' Krasenkow (Schach 10/98). Krasenkow (Schach 10/98): 'Erlaubt es Weiß, seinen Läufer zu aktivieren. Richtig war:'} (40... Ra3 41. Rd1 Kf6 42. Kg4 Bf2 43. h5 gxh5+ 44. Kxh5 Rc3 $14 {Krasenkow (Schach 10/98): 'und Weiß kommt nicht weiter.'}) 41. Be4 Ra3+ $2 {Krasenkow (Schach 10/98): 'Ein zu schneller Zug in vermeintlicher Zeitnot, der den weißen König zum Leben verhilft und Schwarz auf Verlust stellt. '} (41... Kf6 42. Rd1 (42. b6 Bd6 43. Rd1 {'' Ftacnik.} Ke7) 42... Ke6 43. Rg1 Ra3+ 44. Kg4 Ra4 $14 {Krasenkow (Schach 10/98): 'war vermutlich immer noch remis.'}) 42. Kg4 Ra4 43. Rd1 $1 {'+-!' Krasenkow (Schach 10/98). Ftacnik: 'At long last white rook can penetrate into black's camp with a decisive effect.'} (43. Rc1 Ba5 $1 44. Bxb7 Rxf4+ $1 {'=!' Krasenkow (Schach 10/98).} 45. Kxf4 Bd2+ $11 {[%cal Yd2f4,Yd2c1]}) 43... Rc4 (43... Kf6 44. Rd7 Bb8 45. Rxb7 Bd6 46. Rb6 Ke6 47. Bxg6 $18 (47. Bxg6 {Krasenkow (Schach 10/98)} Rxf4+ 48. Kg5 Rf8 49. h5 Rb8 50. Rxb8 Bxb8 51. h6 Be5 52. h7 Z0 53. Bh5 Z0 54. Kg6 Z0 55. b6 Z0 56. b7 $18)) ({auch} 43... Kh6 {rettet die Partie nicht, wegen:} 44. Rd7 $1 Be5 45. Kf3 Ra3+ 46. Bd3 Bg7 47. Kg4 $1 $18) (43... Rxe4 {Ftacnik} 44. Rd7+ Kf6 45. Rxc7 Re1 46. Rxb7 Rg1+ 47. Kf3 $18) 44. Rd7+ Kf8 (44... Kf6 45. b6 $1 Bb8 (45... Bxb6 46. Bd5 $1 Rc7 47. Rd6+ {'+-' Krasenkow (Schach 10/98).}) (45... Rxe4 46. Rxc7 $18) 46. Rd8 $1 (46. Rxb7 {Ftacnik} Bd6 47. Rf7+ Kxf7 48. Bd5+ Kf6 49. Bxc4 Bc5 50. b7 Bd6 51. Bd3 Bc7 52. Bxg6 Kxg6 53. h5+ Kf6 54. f5 Kg7 55. Kg5 Kf7 (55... Bd8+ 56. f6+ Bxf6+ 57. Kf5 $18) 56. h6 $18) 46... Rxe4 47. Rf8+ $1 Kg7 48. Rxb8 Re7 49. Rc8 $18 {50.c7}) 45. Bxg6 Rxf4+ 46. Kg5 Rc4 (46... Be5 {Ftacnik} 47. Rd5 Bc7 48. b6 $18) 47. h5 Bf4+ (47... Rc5+ {Krasenkow (Schach 10/98)} 48. Kf6 Be5+ 49. Ke6 Rxb5 50. h6 Rb6+ 51. Kxe5 Rxg6 52. Rd8+ Ke7 53. h7 $18) 48. Kf6 Rc8 49. h6 $1 Kg8 (49... Bxh6 50. Rh7 $18 (50. Rh7 {Ftacnik} Kg8 51. Rxh6 $18)) 50. Bf5 $1 Re8 (50... Bxh6 {Ftacnik} 51. Be6+ Kh8 52. Kg6 $18) 51. Be6+ {Krasenkow (Schach 10/98): 'komplizierter und mit Fallenspiel verbunden wäre:'} (51. Rg7+ Kh8 52. Kf7 Rf8+ $1 53. Kg6 $1 Rg8 54. Be6 $1 $18) 51... Kh8 52. Bc4 {53.g6} (52. Bc4 Re4 (52... Bxh6 53. Kg6 $18) (52... Re3 {Ftacnik} 53. Rd8+ Kh7 54. Bd3+ Rxd3 (54... Kxh6 {Krasenkow (Schach 10/98)} 55. Rh8#) 55. Rxd3 $18) 53. Be6 $18) 1-0

[Event "Hoogovens"]
[Site "Wijk aan Zee"]
[Date "1998.01.18"]
[Round "3"]
[White "Gelfand, Boris"]
[Black "Karpov, Anatoly"]
[Result "1/2-1/2"]
[WhiteElo "2675"]
[BlackElo "2735"]
[Annotator "Khalifman,Alexander"]
[PlyCount "83"]
[EventDate "1998.01.16"]
[EventType "tourn"]
[EventRounds "13"]
[EventCountry "NED"]
[EventCategory "17"]
[SourceTitle "CBM 063"]
[Source "ChessBase"]
[SourceDate "1998.03.26"]
[SourceVersion "1"]
[SourceVersionDate "1998.03.26"]
[SourceQuality "1"]

1. Nf3 ({RR} 1. d4 e6 2. Nf3 Nf6 3. c4 d5 {½-½ (16) Bruzon Batista,L (2617)-Meier,G (2641) Havana 2009}) 1... Nf6 2. c4 e6 3. Nc3 d5 4. d4 Be7 5. Bf4 O-O 6. e3 c5 7. dxc5 Bxc5 8. a3 Nc6 9. Qc2 Qa5 10. O-O-O Be7 11. h4 a6 12. Ng5 Rd8 13. cxd5 exd5 14. e4 Nxe4 15. Ngxe4 dxe4 16. Rxd8+ Qxd8 $146 17. Qxe4 g6 18. Bc4 Bf5 19. Qe3 Qd4 {Etwas ängstlich gespielt.} ({Kritisch war} 19... Bxh4 $5 {und nun ist nicht klar, ob Weiß genug Kompensation für den Bauern hat.}) 20. Qxd4 Nxd4 21. Rd1 Ne6 22. Bxe6 Bxe6 23. g3 Rc8 24. Kb1 f6 25. Nd5 Bd8 26. Be3 Bg4 27. Rd2 Bf5+ 28. Ka2 Rc2 29. Rd1 Kf7 30. Nc3 Ba5 31. Kb3 Bxc3 32. bxc3 Re2 33. Rd6 g5 34. hxg5 Be6+ 35. c4 fxg5 36. Rb6 Bc8 37. a4 Kg7 38. c5 h5 39. c6 bxc6 40. Rxc6 Bf5 41. Bxg5 Rxf2 42. Kb4 1/2-1/2

[Event "World-ch33-KK4 Kasparov-Karpov +4-4=16"]
[Site "Seville"]
[Date "1987.12.11"]
[Round "22"]
[White "Kasparov, Garry"]
[Black "Karpov, Anatoly"]
[Result "1/2-1/2"]
[WhiteElo "2740"]
[BlackElo "2700"]
[Annotator "Bulletin"]
[PlyCount "37"]
[EventDate "1987.10.12"]
[EventType "match"]
[EventRounds "24"]
[EventCountry "ESP"]
[SourceTitle "MainBase"]
[Source "ChessBase"]
[SourceDate "1999.07.01"]
[SourceVersion "2"]
[SourceVersionDate "1999.07.01"]
[SourceQuality "1"]

1. d4 Nf6 2. c4 e6 3. Nf3 d5 4. Nc3 Be7 5. Bf4 O-O 6. e3 c5 7. dxc5 Bxc5 8. Rc1 Nc6 9. cxd5 exd5 10. Be2 d4 {N; 10...e6 - 42/531} 11. exd4 Nxd4 12. Nxd4 Qxd4 13. Qxd4 Bxd4 14. Nb5 Bb6 15. O-O (15. Nc7 $2 Bxc7 16. Bxc7 Re8 $17) 15... Be6 16. a3 Rfd8 $146 ({RR} 16... Nd5 17. Bg3 Rad8 18. Nd6 Rd7 19. Bb5 Re7 20. Rfe1 Rd8 21. Rcd1 Bg4 22. Rxe7 Nxe7 23. Re1 Be6 24. Nxb7 Rd2 25. b4 Nf5 26. Nc5 Nxg3 27. hxg3 Ra2 28. a4 g6 29. Rc1 a5 30. bxa5 Bxa5 31. Ne4 {Arakhamia Grant,K (2420)-Gaprindashvili,N (2485) Tskhaltubo 1988 1-0 (68)}) 17. Nd6 Rd7 18. Bb5 Re7 19. Rfe1 1/2-1/2

[Event "Dos Hermanas 10th"]
[Site "Dos Hermanas"]
[Date "1999.04.07"]
[Round "2"]
[White "Topalov, Veselin"]
[Black "Karpov, Anatoly"]
[Result "1/2-1/2"]
[WhiteElo "2700"]
[BlackElo "2710"]
[Annotator "Donev,Ivo Hristov"]
[PlyCount "45"]
[EventDate "1999.04.06"]
[EventType "tourn"]
[EventRounds "9"]
[EventCountry "ESP"]
[EventCategory "19"]
[SourceTitle "CBM 071"]
[Source "ChessBase"]
[SourceDate "1999.08.01"]
[SourceVersion "1"]
[SourceVersionDate "1999.08.01"]
[SourceQuality "1"]

1. Nf3 Nf6 2. c4 e6 3. Nc3 d5 4. d4 Be7 5. Qc2 Na6 (5... Nc6 6. cxd5 exd5 7. Bg5 Be6 8. e3 a6 9. a3 h6 10. Bxf6 Bxf6 11. Bd3 O-O 12. O-O Ne7 13. Rac1 c6 14. Na4 Qd6 15. Nc5 Bc8 16. Rfe1 b6 17. e4 dxe4 18. Nxe4 Qf4 19. Bc4 Ra7 20. Re3 Rc7 21. Ba2 Rd7 22. Nxf6+ Qxf6 23. Rce1 Nf5 24. Re8 Nxd4 25. Nxd4 Rxd4 26. Rxf8+ Kxf8 27. Qh7 Be6 28. Qh8+ Ke7 29. Qb8 Rd2 30. Qxb6 Qxb2 31. Qc5+ Kd7 32. Bxe6+ fxe6 33. Qa7+ Kd6 34. h3 Qd4 35. Qb8+ Ke7 36. Qc7+ Kf6 37. Qg3 Rd3 38. Qb8 Rd1 39. Qf8+ Kg6 40. Qe8+ Kh7 41. Qxe6 Rxe1+ 42. Qxe1 Qd3 43. Qc1 Qb5 44. Qc2+ Kh8 45. Qe4 c5 46. a4 Qb4 47. Qa8+ Kh7 48. Qxa6 c4 49. a5 Qb1+ 50. Kh2 c3 51. Qc4 {½-½ Miles,A-Barua,D/New York 1987/CBM 02 (51)}) 6. a3 (6. Bg5 Nb4 7. Qb1 c5 8. dxc5 d4 9. a3 Nc6 10. Ne4 Nxe4 11. Bxe7 Qxe7 12. Qxe4 Qxc5 13. e3 dxe3 14. fxe3 O-O 15. b4 Qe7 16. Be2 f5 17. Qc2 e5 18. O-O e4 19. Nd2 Be6 20. Qc3 Qc7 21. Rac1 Rad8 22. Nb3 Qe5 23. b5 Qxc3 24. Rxc3 Ne5 25. Nd4 Bc8 26. c5 g5 27. c6 f4 28. Rc5 Rfe8 29. cxb7 Bxb7 30. Nc6 f3 31. Nxd8 fxe2 32. Nxb7 exf1=Q+ 33. Kxf1 h6 34. Nd6 Re6 35. Rc8+ Kh7 36. Rc7+ Kg8 37. Nxe4 Ng4 38. Nc5 Nxe3+ 39. Ke2 Re8 40. Rxa7 Nxg2+ 41. Kf2 Nh4 42. b6 Rf8+ 43. Ke2 Re8+ 44. Kd1 {1-0 Ivanov,S-Bezgodov,A/Elista 1997/CBM 59 (44)}) 6... c5 7. e3 cxd4 8. exd4 dxc4 9. Bxc4 Nc7 {[%csl Rd5][%cal Yc7d5] Der schlecht am Rand stehende Springer strebt zum wichtigen Zentralfeld d5.} 10. O-O O-O 11. Rd1 {Das einzige Problem des Nachziehenden ist, die Entwicklung des Läufers c8. Karpov findet ganz einfach die Lösung, die zum Ausgleich genügend.} b6 12. Ne5 Bb7 13. Rd3 $146 {[%cal Yd3h3,Yc1g5,Yg5f6,Yc2d3] Der junge bulgarische Supergroßmeister zeigt seine Ambitionen die Partie mittels Angriff am Königsflügel zu gewinnen. Sein Plan ist g5, h3 nebst xf6 und damit starke Drohungen gegen den schwarzen Monarchen.} (13. Ba2 Ncd5 14. Qd3 Rc8 15. Qh3 Nxc3 16. bxc3 b5 17. a4 bxa4 18. Bd2 Bd5 19. c4 Be4 20. Bf4 Qa5 21. Bg5 Rfd8 22. d5 Bf5 23. Qh4 h6 24. Bd2 Qc7 25. Nc6 Nxd5 26. Nxe7+ Nxe7 27. Bf4 Rxd1+ 28. Rxd1 Rd8 29. Rc1 Qd7 30. Qh5 Ng6 31. Be3 Ne5 32. h3 Nd3 33. Rd1 Qc7 34. c5 Rc8 35. Qh4 Qa5 36. Qe7 Nb4 37. Rd7 Rf8 38. Bd2 Qb5 39. Rb7 Qe2 40. Bxb4 a5 41. Ba3 Qxa2 42. c6 Qa1+ 43. Kh2 Qe5+ 44. Kg1 Qe1+ {½-½ Wallace,J-Saw,G/Gold Coast 1999/CBM 69 ext (44)}) ({RR} 13. Ba2 Ncd5 14. Qd3 Rc8 15. Qh3 Nxc3 16. bxc3 b5 17. a4 bxa4 18. Bd2 Bd5 19. c4 Be4 20. Bf4 Qa5 21. Bg5 Rfd8 22. d5 Bf5 23. Qh4 h6 24. Bd2 Qc7 25. Nc6 Nxd5 26. Nxe7+ Nxe7 27. Bf4 Rxd1+ {Wallace,J (2360)-Saw,G (2205) Gold Coast 1999 ½-½ (44)}) 13... b5 {Karpov sucht Gegenspiel am Damenflügel.} 14. Ba2 a5 15. Bg5 b4 {Raumgewinn} 16. Rh3 {[%cal Yh3h7,Yc2h7]} Nce8 17. Nb5 (17. Ng4 g6 (17... h6 18. Bxf6 Nxf6 19. Bb1 Re8 20. Ne2) 18. Nxf6+ Bxf6 19. Bxf6 Nxf6 20. Ne2 $15) 17... Rc8 18. Qe2 (18. Qa4 $5) 18... Ne4 (18... Nd6 $5 {bedarf näherer Analyse}) 19. Bxe7 Qxe7 {Nach jedem Abtausch werden die weissen Angriffschancen vermindert. Dies würde im Endspiel zu einer besseren Stellung des Nachziehenden führen. Jetzt schon steht die weisse Stellung schlechter (Schauen sie wie die Figuren vereinzelt stehen a1, h3, b5, a2...). Es ist keine Überraschung, dass Topalov sofort mit folgender Zugwiederholung Remis erzwingt.} 20. Na7 Rc7 (20... Ra8 $2 21. Nac6 Bxc6 22. Nxc6 Qd6 23. Qxe4 $18) 21. Nb5 Rc8 22. Na7 Rc7 23. Nb5 1/2-1/2

[Event "Snowdrops-Old Hands"]
[Site "Marianske Lazne"]
[Date "2008.12.01"]
[Round "3"]
[White "Ushenina, Anna"]
[Black "Karpov, Anatoly"]
[Result "1/2-1/2"]
[WhiteElo "2496"]
[BlackElo "2651"]
[PlyCount "63"]
[EventDate "2008.11.29"]
[EventType "schev"]
[EventRounds "8"]
[EventCountry "CZE"]
[SourceTitle "CBM 127 Extra"]
[Source "ChessBase"]
[SourceDate "2009.01.08"]
[SourceVersion "2"]
[SourceVersionDate "2009.01.28"]
[SourceQuality "1"]

1. d4 d5 2. Nf3 Nf6 3. c4 e6 4. Nc3 Be7 5. Bf4 O-O 6. e3 Nbd7 7. c5 c6 8. h3 b6 9. b4 a5 10. a3 Ba6 11. Bxa6 Rxa6 12. b5 cxb5 13. c6 Qc8 14. c7 b4 15. Nb5 a4 16. Rc1 Ne4 17. Nd2 Nc3 18. Nxc3 bxc3 19. Rxc3 Qb7 20. O-O Rc8 21. Qc2 b5 22. Rb1 Nf6 23. Qb2 Ra5 $146 ({RR} 23... Rb6 24. Rc5 Bxc5 25. dxc5 Rc6 26. Qxb5 Qxb5 27. Rxb5 Nd7 28. Bd6 f6 29. Ra5 Kf7 30. e4 R6xc7 31. Bxc7 Rxc7 32. exd5 exd5 33. Rxa4 Nxc5 34. Ra8 Ne4 35. Nxe4 {½-½ (35) Lputian,S (2588)-Dambacher,M (2485) Kallithea 2008}) 24. Rbc1 Ne8 25. Nf3 f6 26. Ne1 b4 27. axb4 Qxb4 28. Qc2 Qb7 29. Nd3 a3 30. Ra1 Kf7 31. h4 g6 32. Rb3 1/2-1/2

[Event "Tilburg"]
[Site "Tilburg"]
[Date "1993.??.??"]
[Round "6"]
[White "Karpov, Anatoly"]
[Black "Beliavsky, Alexander G"]
[Result "1/2-1/2"]
[WhiteElo "2760"]
[BlackElo "2635"]
[PlyCount "70"]
[EventDate "1993.11.??"]
[EventType "k.o."]
[EventRounds "7"]
[EventCountry "NED"]
[SourceTitle "CBM 039"]
[Source "ChessBase"]
[SourceDate "1994.04.01"]
[SourceVersion "1"]
[SourceVersionDate "1994.04.01"]
[SourceQuality "1"]

1. d4 {Dautov,Rustem} Nf6 2. c4 e6 3. Nf3 d5 4. Nc3 Be7 5. Bf4 O-O 6. e3 c5 7. dxc5 Bxc5 8. cxd5 Nxd5 9. Nxd5 exd5 10. a3 Nc6 11. Bd3 Bb6 12. O-O d4 13. e4 Bg4 14. h3 Bh5 15. g4 Bg6 16. Rc1 ({RR} 16. Nd2 f6 17. Nc4 Bc7 18. Bxc7 Qxc7 19. f4 Rae8 20. Qf3 Bf7 21. Rac1 g5 22. e5 fxe5 23. Qe4 Bg6 24. f5 Bf7 25. Nd2 Qa5 26. Nf3 Bd5 27. Bc4 Bxc4 28. Rxc4 Qb5 29. Rc2 d3 30. Rd2 Rd8 {Bryakin,M (2462)-Sabuk,P (2391) Dimitrovgrad SRB 2023 1-0 (38)}) 16... Rc8 17. Re1 Kh8 $146 ({RR} 17... Re8 18. Kg2 ({RR} 18. e5 Qd5 19. b4 Ne7 20. Nh4 Rxc1 21. Bxc1 Bxd3 22. Qxd3 Ng6 23. Nxg6 hxg6 24. Bf4 a5) 18... Bc7 19. Qd2 Bxf4 20. Qxf4 Qe7 21. b4 ({RR} 21. b4 f6 22. Bc4+ Kh8 23. Bd5 Ne5) 21... f6 22. Bc4+ Kh8 23. Bd5 Ne5 24. Rxc8 Rxc8 25. Rd1 Nxf3 26. Qxf3 Rc3 27. Qf4 Qe5 28. Qxe5 fxe5 29. Bxb7 Be8 30. a4 Rc7 31. Bd5 Bxa4 32. Ra1 {Piket,J (2575)-Kramnik,V (2790) Monte Carlo 1998 0-1 (67)}) ({RR} 17... Re8 18. Kg2 Bc7 19. Qd2 Bxf4 20. Qxf4 Qe7 21. Bc4 Kh8 ({RR} 21... Bxe4 22. Kg1) ({RR} 21... Rcd8 22. Bd5 d3 23. Rcd1) ({RR} 21... Qc7 22. Qxc7 Rxc7 23. Bd5 Rce7 24. Bxc6 bxc6 25. Nxd4 Bxe4+ 26. f3 Bd5 27. Rxe7 Rxe7 28. Nxc6) 22. Bd5 f6 ({RR} 22... Red8 23. Red1 Re8 24. Nxd4) 23. Bxc6 Rxc6 24. Rxc6 bxc6 25. Nxd4 c5 26. Nf5 Bxf5 27. Qxf5 h6 28. Re3 Qc7 29. h4 c4 30. h5 Re5 ({RR} 30... Rb8 31. Re2) 31. Qf3 Qd7 32. Qe2 {Karpov,A (2688)-San Segundo Carrillo,P (2523) Benidorm 2002 CBM 093 [Dautov,Rustem] 1-0 (39)}) 18. Kg2 f6 19. Nh4 Bc7 20. Bxc7 Qxc7 21. Bb5 Qb6 22. Bxc6 Rxc6 23. Rxc6 bxc6 24. Nxg6+ hxg6 25. b4 c5 26. bxc5 Qxc5 27. Qd3 Qe5 28. Rb1 Re8 29. Rb7 Qxe4+ 30. Qxe4 Rxe4 31. Rxa7 Re1 32. Ra4 d3 33. Rd4 Rd1 34. Kf3 d2 35. a4 Ra1 1/2-1/2

[Event "Chess Champions League"]
[Site "Vitoria Gasteiz"]
[Date "2007.11.11"]
[Round "8"]
[White "Ponomariov, Ruslan"]
[Black "Karpov, Anatoly"]
[Result "1/2-1/2"]
[WhiteElo "2705"]
[BlackElo "2670"]
[PlyCount "57"]
[EventDate "2007.11.02"]
[EventType "tourn"]
[EventRounds "10"]
[EventCountry "ESP"]
[EventCategory "19"]
[SourceTitle "CBM 121"]
[Source "ChessBase"]
[SourceDate "2007.11.14"]
[SourceVersion "1"]
[SourceVersionDate "2007.11.14"]
[SourceQuality "1"]

1. d4 Nf6 2. c4 e6 3. Nf3 d5 4. Nc3 Be7 5. Bf4 O-O 6. e3 Nbd7 7. a3 c5 8. cxd5 Nxd5 9. Nxd5 exd5 10. dxc5 Nxc5 11. Be5 Bf6 12. Bxf6 Qxf6 13. Qd4 Qd6 14. Bd3 Rd8 15. Bc2 b6 16. O-O Ba6 17. Rfe1 Rac8 18. Bf5 $146 ({RR} 18. Rac1 h6 19. Qg4 Qf6 20. Qf5 Qxf5 21. Bxf5 Ne6 22. Rxc8 Bxc8 23. Rc1 Bd7 24. h3 Ng5 25. Bxd7 Nxf3+ 26. gxf3 Rxd7 27. Kf1 d4 28. Rd1 d3 29. Ke1 Rd5 30. Kd2 Rf5 31. f4 g5 32. Rg1 Kf8 {Akobian,V (2645)-Onischuk,A (2667) Saint Louis 2017 ½-½ (58)}) 18... Rc7 19. Rad1 g6 20. Bb1 Bc4 21. h3 a5 22. Nd2 Rcd7 23. Qh4 b5 24. Nf3 Qe7 25. Qd4 Re8 26. Qf4 Qd6 27. Qh4 Qe7 28. Qf4 Qd6 29. Qh4 1/2-1/2